000 00437nam a2200157 4500
001 126917
003 ES-MaACL
005 20230906192914.0
007 t|
008 070214s1928 sp r ||||1| spa d
100 1 _aRey Caballero, José María del.
_996519
245 1 0 _aNesga, luz /
_cJosé María del Rey Caballero.
260 _aSevilla :
_bMejías y Susillo,
_c1928.
300 _a64 p. ;
_c20 cm.
852 _aES-MaACL
_j1729-F-10
999 _c126917
_d126917